| 000 | 00401nam a22001697a 4500 | ||
|---|---|---|---|
| 003 | SGT | ||
| 020 | _a9789390612475 | ||
| 082 |
_a618.1 _bB22B |
||
| 100 | _aBEREK, JONATHAN S. | ||
| 245 | _aBEREK & NOVAK'S GYNECOLOGY | ||
| 250 | _a1ST S.A | ||
| 260 |
_aINDIA _bWOLTERS KLUWER PUB _c2022 |
||
| 300 | _a1250 | ||
| 650 | _aBSOT. & GYNE | ||
| 653 | _aBEREK & NOVAK'S GYNECOLOGY | ||
| 942 |
_2ddc _cBK |
||
| 999 |
_c30830 _d30830 |
||